Multichannel system for fast measurement of temperatures at 1-4.2K; Cryogenics; Vol. 34, Supp. 1

Podrobná bibliografie
Parent link:Cryogenics
Vol. 34, Supp. 1.— 1994.— [P. 413-415]
Hlavní autor: Fillipov Y. Yuri
Další autoři: Sergeev I. Igor, Uchaykin S. V. Sergey Victorovich
Shrnutí:Title screen
The report presents a set of electronics designed for investigation of fast thermal processes taking place in He I and He II. Its main features are as follows. First, temperature field is measured at several distanced points in short time. This is useful, for example, while dealing with second-sound shock waves, superfluid turbulence dynamics, etc. Second, minimal wiring is sufficient for multipoint temperature measurement what is principal, especially, in the case of forced flow cryostats. Third, the measurement procedure allows to achieve rather high precision with the use of rather low-sensitive Ge thermometers. Warm and cold tests have shown the system efficiency and reliability
Режим доступа: по договору с организацией-держателем ресурса
Jazyk:angličtina
Vydáno: 1994
Témata:
On-line přístup:http://www.sciencedirect.com/science/article/pii/S0011227505800943
http://www.researchgate.net/publication/229377369_Multichannel_system_for_fast_measurement_of_temperatures_at_1-4.2K
Médium: Elektronický zdroj Kapitola
KOHA link:https://koha.lib.tpu.ru/cgi-bin/koha/opac-detail.pl?biblionumber=637234

MARC

LEADER 00000nla0a2200000 4500
001 637234
005 20250416091140.0
035 |a (RuTPU)RU\TPU\network\1332 
035 |a RU\TPU\network\1315 
090 |a 637234 
100 |a 20140610d1994 k||y0rusy50 ba 
101 0 |a eng 
102 |a NL 
135 |a drcn ---uucaa 
181 0 |a i  
182 0 |a b 
200 1 |a Multichannel system for fast measurement of temperatures at 1-4.2K  |f Y. Fillipov, I. Sergeev, S. V. Uchaykin 
203 |a Text  |c electronic 
300 |a Title screen 
330 |a The report presents a set of electronics designed for investigation of fast thermal processes taking place in He I and He II. Its main features are as follows. First, temperature field is measured at several distanced points in short time. This is useful, for example, while dealing with second-sound shock waves, superfluid turbulence dynamics, etc. Second, minimal wiring is sufficient for multipoint temperature measurement what is principal, especially, in the case of forced flow cryostats. Third, the measurement procedure allows to achieve rather high precision with the use of rather low-sensitive Ge thermometers. Warm and cold tests have shown the system efficiency and reliability 
333 |a Режим доступа: по договору с организацией-держателем ресурса 
461 |t Cryogenics 
463 |t Vol. 34, Supp. 1  |v [P. 413-415]  |d 1994 
610 1 |a электронный ресурс 
610 1 |a труды учёных ТПУ 
700 1 |a Fillipov  |b Y.  |g Yuri 
701 1 |a Sergeev  |b I.  |g Igor 
701 1 |a Uchaykin  |b S. V.  |c specialist in the field of non-destructive testing  |c Engineer of Tomsk Polytechnic University, Doctor of physical and mathematical sciences  |f 1963-  |g Sergey Victorovich  |3 (RuTPU)RU\TPU\pers\32279 
801 2 |a RU  |b 63413507  |c 20140610  |g RCR 
850 |a 63413507 
856 4 |u http://www.sciencedirect.com/science/article/pii/S0011227505800943 
856 4 |u http://www.researchgate.net/publication/229377369_Multichannel_system_for_fast_measurement_of_temperatures_at_1-4.2K 
942 |c CF